[Event "Mecklenburg VP VL 1415"]
[Site "Mecklenburg VP"]
[Date "2014.11.23"]
[Round "3.7"]
[White "Gareis, Roberto"]
[Black "Ernst, Mathias"]
[Result "1-0"]
[WhiteElo "1823"]
[BlackElo "1630"]
[PlyCount "119"]
[EventDate "2014.09.21"]
[EventType "team-tourn"]
[EventRounds "9"]
[EventCountry "GER"]
[SourceTitle "EXT 2022"]
[Source "ChessBase"]
[SourceDate "2021.10.06"]
[SourceVersion "1"]
[SourceVersionDate "2021.10.06"]
[SourceQuality "1"]
[WhiteTeam "Grevesmuehlen Blau Weiss"]
[BlackTeam "Rostock HSG Uni"]
[WhiteTeamCountry "GER"]
[BlackTeamCountry "GER"]

1. d4 Nf6 2. e3 d5 3. Bd3 g6 4. Nd2 Bg7 5. f4 0-0 6. Ngf3 b6 7. Qe2 c5 8. c3 a5 9. 0-0 Ba6 10. Bxa6 Nxa6 11. Ne5 Qd6 12. b3 Nd7 13. Bb2 f6 14. Nxd7 Qxd7 15. c4 e6 16. Nf3 Nb4 17. e4 Rfe8 18. Rfd1 Qc7 19. a3 dxe4 20. Qxe4 Qc6 21. Qxc6 Nxc6 22. dxc5 bxc5 23. Rd6 Rac8 24. Bc3 e5 25. fxe5 fxe5 26. Re1 a4 27. bxa4 Nd4 28. Re4 Rb8 29. Rd5 Rb3 30. Bxd4 cxd4 31. Nxd4 Rxa3 32. a5 Rb8 33. Nc6 Rb1+ 34. Kf2 Rb2+ 35. Re2 Rxe2+ 36. Kxe2 e4 37. Ne5 Bxe5 38. Rxe5 Kf7 39. g4 Kf6 40. Rxe4 Rxa5 41. h4 h5 42. gxh5 Rxh5 43. Kd3 g5 44. hxg5+ Rxg5 45. Kd4 Rg1 46. Kd5 Rg5+ 47. Kc6 Kf5 48. Rd4 Ke6 49. c5 Ke7 50. Kb6 Rg1 51. Kc7 Ra1 52. Re4+ Kf6 53. c6 Kf5 54. Re8 Rh1 55. Kd8 Rd1+ 56. Kc8 Kf6 57. c7 Rh1 58. Re2 Rd1 59. Rb2 Rg1 60. Kb8 1-0

[Event "Mecklenburg VP VL 1011"]
[Site "Mecklenburg VP"]
[Date "2011.03.20"]
[Round "8.6"]
[White "Gareis, Roberto"]
[Black "Matzek, Franz David"]
[Result "1-0"]
[WhiteElo "1878"]
[BlackElo "1695"]
[PlyCount "49"]
[EventDate "2010.10.10"]
[EventType "team-tourn"]
[EventRounds "9"]
[EventCountry "GER"]
[SourceTitle "EXT 2022"]
[Source "ChessBase"]
[SourceDate "2021.10.06"]
[SourceVersion "1"]
[SourceVersionDate "2021.10.06"]
[SourceQuality "1"]
[WhiteTeam "Rostock HSG Uni"]
[BlackTeam "Gryps SV"]
[WhiteTeamCountry "GER"]
[BlackTeamCountry "GER"]

1. d4 Nf6 2. e3 e6 3. Bd3 d5 4. Nd2 c5 5. c3 Nc6 6. f4 Rb8 7. Ngf3 Be7 8. Ne5 h5 9. Qf3 a6 10. 0-0 cxd4 11. exd4 Qc7 12. Qg3 Rg8 13. Ndf3 Ne4 14. Bxe4 dxe4 15. Nd2 g5 16. Nxe4 h4 17. Qg4 Nxe5 18. fxe5 b5 19. Bxg5 Bb7 20. Qh5 Bxg5 21. Nxg5 Kd8 22. Rxf7 Qc6 23. Nf3 Kc8 24. Qh7 Qe8 25. Rc7+ 1-0

[Event "Mecklenburg VP LL 0910"]
[Site "Mecklenburg VP"]
[Date "2009.12.13"]
[Round "4.7"]
[White "Gareis, Roberto"]
[Black "Daug, Joern Henning"]
[Result "1-0"]
[WhiteElo "1870"]
[BlackElo "1780"]
[PlyCount "59"]
[EventDate "2009.10.18"]
[EventType "team-tourn"]
[EventRounds "9"]
[EventCountry "GER"]
[SourceTitle "EXT 2016"]
[Source "ChessBase"]
[SourceDate "2015.10.08"]
[SourceVersion "1"]
[SourceVersionDate "2015.10.08"]
[SourceQuality "1"]
[WhiteTeam "Rostock Uni"]
[BlackTeam "Grevesmuehlen Blau Weiss"]
[WhiteTeamCountry "GER"]
[BlackTeamCountry "GER"]

1. d4 d5 2. e3 c6 3. Bd3 Nf6 4. Nd2 Nbd7 5. f4 c5 6. c3 e6 7. Ngf3 b6 8. Ne5 Bb7 9. Qf3 Bd6 10. b3 Qe7 11. Bb2 cxd4 12. exd4 Rc8 13. a4 Nf8 14. a5 N6d7 15. axb6 axb6 16. Ra7 Rc7 17. 0-0 f6 18. Ng4 Nb8 19. Rfa1 Nc6 20. Bb5 Kf7 21. Rxb7 Nxd4 22. cxd4 Rxb7 23. f5 Rc7 24. Ne3 Nd7 25. fxe6+ Qxe6 26. Nxd5 Rc2 27. Ne3 Rxd2 28. Bc4 Rxb2 29. Bxe6+ Kxe6 30. Qd5+ 1-0

[Event "Mecklenburg VP LL 0809"]
[Site "Mecklenburg VP"]
[Date "2009.03.29"]
[Round "9.7"]
[White "Gareis, Roberto"]
[Black "Worm, Alfred"]
[Result "1/2-1/2"]
[WhiteElo "1876"]
[BlackElo "1778"]
[PlyCount "28"]
[EventDate "2008.10.05"]
[EventType "team-tourn"]
[EventRounds "9"]
[EventCountry "GER"]
[SourceTitle "EXT 2022"]
[Source "ChessBase"]
[SourceDate "2021.10.06"]
[SourceVersion "1"]
[SourceVersionDate "2021.10.06"]
[SourceQuality "1"]
[WhiteTeam "Rostock HSG Uni"]
[BlackTeam "Rostock SSC 07 II"]
[WhiteTeamCountry "GER"]
[BlackTeamCountry "GER"]

1. d4 Nf6 2. Bg5 h6 3. Bxf6 exf6 4. e3 d5 5. c4 Bb4+ 6. Nc3 0-0 7. Qb3 Bxc3+ 8. bxc3 c6 9. cxd5 Qxd5 10. Qxd5 cxd5 11. g3 Bd7 12. Bg2 Bc6 13. a4 a5 14. Bh3 Rd8 1/2-1/2

[Event "Mecklenburg VP LL 0708"]
[Site "Mecklenburg VP"]
[Date "2008.04.06"]
[Round "8.8"]
[White "Jabbusch, Burkhard"]
[Black "Gareis, Roberto"]
[Result "1/2-1/2"]
[WhiteElo "1891"]
[BlackElo "1858"]
[PlyCount "85"]
[EventDate "2007.10.21"]
[EventType "team-tourn"]
[EventRounds "9"]
[EventCountry "GER"]
[SourceTitle "EXT 2016"]
[Source "ChessBase"]
[SourceDate "2015.10.08"]
[SourceVersion "1"]
[SourceVersionDate "2015.10.08"]
[SourceQuality "1"]
[WhiteTeam "Stralsund FHSG"]
[BlackTeam "Rostock Uni"]
[WhiteTeamCountry "GER"]
[BlackTeamCountry "GER"]

1. f4 c5 2. Nf3 e6 3. e4 d5 4. e5 Nc6 5. c3 Qb6 6. d3 h5 7. Be2 Be7 8. Qc2 Nh6 9. Be3 Nf5 10. Bf2 a5 11. g3 Bd7 12. Nbd2 Qc7 13. 0-0 Rc8 14. Rac1 f6 15. exf6 gxf6 16. Nb3 b6 17. Qd1 Bd6 18. d4 c4 19. Nbd2 a4 20. a3 Ke7 21. Kh1 Rcg8 22. Rg1 Nd8 23. Nf1 Nf7 24. Ne3 Nxe3 25. Bxe3 Nh6 26. Nh4 Ng4 27. Qd2 f5 28. Rce1 Kd8 29. Bf3 Be7 30. h3 Bxh4 31. gxh4 Nf6 32. Rg5 Rxg5 33. hxg5 Ne4 34. Bxe4 fxe4 35. Rf1 Qd6 36. Qg2 Qe7 37. Kh2 Qg7 38. Qg3 h4 39. Qg2 Qg6 40. Bf2 Qf5 41. Qg4 Ke7 42. Rg1 Kf7 43. Qxf5+ 1/2-1/2

[Event "Mecklenburg VP LL 0607"]
[Site "Mecklenburg VP"]
[Date "2007.04.22"]
[Round "9.7"]
[White "Gareis, Roberto"]
[Black "Katscher, Kathleen"]
[Result "1/2-1/2"]
[WhiteElo "1896"]
[BlackElo "1994"]
[PlyCount "71"]
[EventDate "2006.10.15"]
[EventType "team"]
[EventRounds "9"]
[EventCountry "GER"]
[SourceTitle "EXT 2008"]
[Source "ChessBase"]
[SourceDate "2007.11.25"]
[SourceVersion "1"]
[SourceVersionDate "2007.11.25"]
[SourceQuality "1"]
[WhiteTeam "Rostock Uni"]
[BlackTeam "Greifswald II"]
[WhiteTeamCountry "GER"]
[BlackTeamCountry "GER"]

1. d4 d5 2. e3 Nf6 3. Bd3 Nc6 4. f4 Nb4 5. Bb5+ c6 6. Ba4 Bf5 7. Nd2 b5 8. Bb3 e6 9. Ngf3 Ng4 10. Nf1 c5 11. dxc5 Bxc5 12. h3 Nf6 13. Ng3 Bg6 14. Ne5 Qb6 15. Nxg6 hxg6 16. Qe2 0-0 17. c3 Nc6 18. Bc2 b4 19. 0-0 bxc3 20. bxc3 Rac8 21. Rb1 Qa5 22. Bb3 Rfd8 23. Kh1 Bb6 24. Bd2 Qc5 25. Rfd1 Na5 26. Kg1 Qd6 27. Qf3 Nc4 28. Rbc1 Nxd2 29. Rxd2 Ba5 30. Rdc2 Rc7 31. e4 Qb6+ 32. Kh2 d4 33. cxd4 Rxc2 34. Rxc2 Qxd4 35. Rc4 Qd2 36. Qe2 1/2-1/2

[Event "Mecklenburg VP LL2 0506"]
[Site "Mecklenburg VP"]
[Date "2006.03.12"]
[Round "8.2"]
[White "Gareis, Roberto"]
[Black "Manske, Klaus"]
[Result "1/2-1/2"]
[WhiteElo "1883"]
[BlackElo "2049"]
[PlyCount "67"]
[EventDate "2005.10.23"]
[EventType "team"]
[EventRounds "9"]
[EventCountry "GER"]
[SourceTitle "EXT 2009"]
[Source "ChessBase"]
[SourceDate "2008.11.26"]
[SourceVersion "1"]
[SourceVersionDate "2008.11.26"]
[SourceQuality "1"]
[WhiteTeam "Rostock Uni II"]
[BlackTeam "Schwerin SV Einheit"]
[WhiteTeamCountry "GER"]
[BlackTeamCountry "GER"]

1. d4 d5 2. e3 c5 3. c3 Nc6 4. f4 Nf6 5. Bd3 g6 6. Nd2 cxd4 7. cxd4 Bg7 8. Ngf3 0-0 9. 0-0 Qb6 10. a3 Bg4 11. Qe1 Bxf3 12. Rxf3 e6 13. Rb1 Rac8 14. b4 Ne7 15. Nb3 Qd6 16. h3 b6 17. Bb2 Ne4 18. Nd2 f5 19. g4 Qd7 20. Rf1 Rc7 21. Kg2 Rfc8 22. Qe2 Nc3 23. Bxc3 Rxc3 24. Bb5 Qd8 25. a4 R8c7 26. Rb3 Nc8 27. g5 Nd6 28. Bd3 Rxb3 29. Nxb3 Rc3 30. Rb1 Bf8 31. b5 Nb7 32. Qd1 Ba3 33. Kf3 Qd6 34. Ke2 1/2-1/2

[Event "Mecklenburg VP LL2 0506"]
[Site "Mecklenburg VP"]
[Date "2005.10.23"]
[Round "1.2"]
[White "Gareis, Roberto"]
[Black "Kirstein, Hans Ernst"]
[Result "0-1"]
[WhiteElo "1883"]
[BlackElo "1769"]
[PlyCount "142"]
[EventDate "2005.10.23"]
[EventType "team"]
[EventRounds "9"]
[EventCountry "GER"]
[SourceTitle "EXT 2009"]
[Source "ChessBase"]
[SourceDate "2008.11.26"]
[SourceVersion "1"]
[SourceVersionDate "2008.11.26"]
[SourceQuality "1"]
[WhiteTeam "Rostock Uni II"]
[BlackTeam "Schwerin III"]
[WhiteTeamCountry "GER"]
[BlackTeamCountry "GER"]

1. d4 d6 2. e4 e5 3. c3 Be7 4. f4 exf4 5. Bxf4 Bg5 6. Bxg5 Qxg5 7. Nf3 Qe7 8. Bd3 Nf6 9. 0-0 0-0 10. Nbd2 Nc6 11. Qb3 Rb8 12. Rae1 Bd7 13. Bb1 g6 14. c4 b6 15. Qc3 Nh5 16. b4 Bg4 17. b5 Nd8 18. h3 Bxf3 19. Nxf3 Ne6 20. Kh2 Ng5 21. Qe3 Nxf3+ 22. gxf3 a5 23. Bd3 Rbe8 24. f4 Qh4 25. Qf2 Qxf2+ 26. Rxf2 Re7 27. Rg1 Ng7 28. f5 Ne8 29. f6 Re6 30. Rgf1 h6 31. h4 Kh8 32. Kg3 Kg8 33. a4 h5 34. Rf4 Kh7 35. R1f2 Kh6 36. Be2 Kh7 37. Bf1 Kh6 38. Bh3 Rxf6 39. Rxf6 Nxf6 40. Rxf6 Kg7 41. Rf2 f6 42. Kf4 g5+ 43. hxg5 fxg5+ 44. Ke3 Re8 45. Rf5 Kg6 46. Bf1 Rh8 47. Bd3 h4 48. e5 dxe5 49. Rf8+ Kg7 50. Rxh8 exd4+ 51. Kxd4 Kxh8 52. Bf5 Kg7 53. Ke5 Kf7 54. Be4 Ke7 55. Bf5 Kf7 56. Bg4 Ke7 57. Be6 Kd8 58. Kf6 Ke8 59. Bh3 Kd8 60. Kxg5 Ke7 61. Kxh4 Kd6 62. Kg5 Kc5 63. Be6 Kb4 64. Kf6 Kxa4 65. Ke7 Kb4 66. Kd7 a4 67. Kc6 a3 68. c5 bxc5 69. Ba2 c4 70. Kd5 c3 71. Bb1 a2 0-1

[Event "Mecklenburg VP LL 0304"]
[Site "Mecklenburg VP"]
[Date "2004.01.18"]
[Round "5.8"]
[White "Gareis, Roberto"]
[Black "Goettsching, Holger"]
[Result "1/2-1/2"]
[WhiteElo "1840"]
[BlackElo "1682"]
[PlyCount "23"]
[EventDate "2003.09.28"]
[EventType "team-tourn"]
[EventRounds "9"]
[EventCountry "GER"]
[SourceTitle "EXT 2005"]
[Source "ChessBase"]
[SourceDate "2004.11.15"]
[SourceVersion "1"]
[SourceVersionDate "2004.11.15"]
[SourceQuality "1"]
[WhiteTeam "Rostock Uni"]
[BlackTeam "Schwerin SF II"]
[WhiteTeamCountry "GER"]
[BlackTeamCountry "GER"]

1. d4 Nf6 2. e3 d5 3. Bd3 g6 4. f4 Bg7 5. Nd2 0-0 6. Ngf3 Nbd7 7. 0-0 c5 8. c3 Qc7 9. Ne5 Nxe5 10. fxe5 Ne8 11. e4 cxd4 12. cxd4 1/2-1/2

[Event "Mecklenburg VP LL2 West 0203"]
[Site "Mecklenburg VP"]
[Date "2002.11.17"]
[Round "2.1"]
[White "Gareis, Roberto"]
[Black "Borkenhagen, Andreas"]
[Result "1-0"]
[WhiteElo "1857"]
[BlackElo "1713"]
[PlyCount "59"]
[EventDate "2002.10.20"]
[EventType "team-tourn"]
[EventRounds "9"]
[EventCountry "GER"]
[SourceTitle "EXT 2022"]
[Source "ChessBase"]
[SourceDate "2021.10.06"]
[SourceVersion "1"]
[SourceVersionDate "2021.10.06"]
[SourceQuality "1"]
[WhiteTeam "Rostock HSG Uni II"]
[BlackTeam "Wismar TSG II"]
[WhiteTeamCountry "GER"]
[BlackTeamCountry "GER"]

1. d4 d5 2. e3 Nf6 3. Bd3 c5 4. c3 e6 5. Nd2 cxd4 6. exd4 Nc6 7. f4 Bd6 8. g3 b6 9. Ngf3 Bb7 10. 0-0 Qc7 11. Ne5 0-0-0 12. Qe2 Kb8 13. Ndf3 h6 14. Bd2 Rdf8 15. b4 Nd7 16. Nxc6+ Bxc6 17. a4 f6 18. Qxe6 Re8 19. Qh3 Nf8 20. b5 Bd7 21. Qg2 Ne6 22. Ne1 Qb7 23. Nc2 g5 24. fxg5 fxg5 25. Rf7 Ref8 26. Raf1 Rxf7 27. Rxf7 Rf8 28. Rxf8+ Bxf8 29. Qf3 Bd6 30. Ne3 1-0

[Event "Mecklenburg VP LL2 West 0102"]
[Site "Mecklenburg VP"]
[Date "2002.04.28"]
[Round "9.2"]
[White "Gareis, Roberto"]
[Black "Minde, Frank"]
[Result "1/2-1/2"]
[WhiteElo "1847"]
[BlackElo "1826"]
[PlyCount "58"]
[EventDate "2001.10.07"]
[EventType "team-tourn"]
[EventRounds "9"]
[EventCountry "GER"]
[SourceTitle "EXT 2022"]
[Source "ChessBase"]
[SourceDate "2021.10.06"]
[SourceVersion "1"]
[SourceVersionDate "2021.10.06"]
[SourceQuality "1"]
[WhiteTeam "Rostock HSG Uni II"]
[BlackTeam "Parchim SV Blau-Weiss 69"]
[WhiteTeamCountry "GER"]
[BlackTeamCountry "GER"]

1. d4 Nf6 2. e3 c5 3. c3 Nc6 4. f4 e6 5. Bd3 cxd4 6. exd4 d5 7. Nf3 Bd6 8. 0-0 0-0 9. Ne5 Ne4 10. Nd2 f5 11. Ndf3 Bd7 12. Nxd7 Qxd7 13. Ne5 Qe7 14. Be3 Nf6 15. Qf3 Bxe5 16. fxe5 Ng4 17. Bd2 g5 18. Qg3 h5 19. h3 f4 20. Bxf4 gxf4 21. Rxf4 Rxf4 22. Qxf4 Rf8 23. Qg3 Qg5 24. hxg4 Rf4 25. Rf1 Rxf1+ 26. Bxf1 hxg4 27. Be2 Qc1+ 28. Kh2 Qh6+ 29. Kg1 Qc1+ 1/2-1/2

[Event "Mecklenburg VP LL2 West 0102"]
[Site "Mecklenburg VP"]
[Date "2002.02.03"]
[Round "5.2"]
[White "Borchert, Chris"]
[Black "Gareis, Roberto"]
[Result "1/2-1/2"]
[WhiteElo "2027"]
[BlackElo "1847"]
[PlyCount "44"]
[EventDate "2001.10.07"]
[EventType "team-tourn"]
[EventRounds "9"]
[EventCountry "GER"]
[SourceTitle "EXT 2022"]
[Source "ChessBase"]
[SourceDate "2021.10.06"]
[SourceVersion "1"]
[SourceVersionDate "2021.10.06"]
[SourceQuality "1"]
[WhiteTeam "Malchow Schachinsel"]
[BlackTeam "Rostock HSG Uni II"]
[WhiteTeamCountry "GER"]
[BlackTeamCountry "GER"]

1. e4 c5 2. Nf3 d6 3. d3 g6 4. g3 Bg7 5. Bg2 Nc6 6. 0-0 Bg4 7. h3 Bxf3 8. Bxf3 Qd7 9. Bg2 e6 10. c3 Nge7 11. a4 d5 12. Qe2 0-0 13. f4 f5 14. Na3 fxe4 15. dxe4 d4 16. Rd1 Rad8 17. Bd2 d3 18. Qe1 Na5 19. Nb1 Nb3 20. Ra3 c4 21. Be3 Nc6 22. Nd2 Nxd2 1/2-1/2

[Event "Mecklenburg VP LL2 West 0102"]
[Site "Mecklenburg VP"]
[Date "2001.11.11"]
[Round "2.3"]
[White "Gareis, Roberto"]
[Black "Brack, Peter"]
[Result "1-0"]
[WhiteElo "1847"]
[BlackElo "1922"]
[PlyCount "79"]
[EventDate "2001.10.07"]
[EventType "team-tourn"]
[EventRounds "9"]
[EventCountry "GER"]
[SourceTitle "EXT 2022"]
[Source "ChessBase"]
[SourceDate "2021.10.06"]
[SourceVersion "1"]
[SourceVersionDate "2021.10.06"]
[SourceQuality "1"]
[WhiteTeam "Rostock HSG Uni II"]
[BlackTeam "Putlitz"]
[WhiteTeamCountry "GER"]
[BlackTeamCountry "GER"]

1. d4 Nf6 2. e3 c5 3. c3 d5 4. Bd3 Nc6 5. f4 e6 6. Nf3 Bd6 7. 0-0 0-0 8. Nbd2 cxd4 9. cxd4 Nb4 10. Bb1 Bd7 11. a3 Nc6 12. b3 Rc8 13. Ne5 Qb6 14. Ndf3 Rc7 15. Bd3 a6 16. Bd2 a5 17. Qb1 Ne7 18. Nxd7 Rxd7 19. Rc1 Rc7 20. Rxc7 Qxc7 21. b4 b6 22. Ra2 axb4 23. axb4 Rc8 24. Ne5 g6 25. b5 Kg7 26. Qa1 Qb8 27. Ra7 Rc7 28. Ra8 Qb7 29. Rd8 Nc8 30. Nc6 Nd7 31. e4 Na7 32. exd5 exd5 33. Qe1 Nxc6 34. bxc6 Qxc6 35. f5 Nf6 36. Qh4 Ne8 37. Bh6+ Kg8 38. Qf6 Bf8 39. Qxc6 Rxc6 40. Rxe8 1-0

[Event "Mecklenburg VP LL2 West 0001"]
[Site "Mecklenburg VP"]
[Date "2000.10.15"]
[Round "1"]
[White "Gareis, Roberto"]
[Black "Podolskiy, Alexander"]
[Result "1/2-1/2"]
[WhiteElo "1810"]
[BlackElo "1805"]
[PlyCount "29"]
[EventDate "2000.10.15"]
[EventType "team-tourn"]
[EventRounds "9"]
[EventCountry "GER"]
[SourceTitle "EXT 2016"]
[Source "ChessBase"]
[SourceDate "2015.10.08"]
[SourceVersion "1"]
[SourceVersionDate "2015.10.08"]
[SourceQuality "1"]
[WhiteTeam "Rostock Uni II"]
[BlackTeam "Wismar TSG II"]
[WhiteTeamCountry "GER"]
[BlackTeamCountry "GER"]

1. d4 d5 2. e3 Bf5 3. Bd3 Bxd3 4. Qxd3 c6 5. b3 e6 6. Nf3 Bd6 7. Nbd2 Nf6 8. c4 Nbd7 9. Bb2 0-0 10. e4 dxe4 11. Nxe4 Nxe4 12. Qxe4 Bb4+ 13. Kf1 Nf6 14. Qc2 Qe7 15. g3 1/2-1/2